स्वामी विवेकानंद चिरंतन चैतन्याचा स्रोत (Record no. 370645)

MARC details
000 -LEADER
fixed length control field 00537nam a2200169 4500
005 - DATE AND TIME OF LATEST TRANSACTION
control field 20260310121438.0
008 - FIXED-LENGTH DATA ELEMENTS--GENERAL INFORMATION
fixed length control field 260310b |||||||| |||| 00| 0 eng d
020 ## - INTERNATIONAL STANDARD BOOK NUMBER
International Standard Book Number 978-93-91558-29-1
041 ## - LANGUAGE CODE
Language code of text/sound track or separate title Marathi
082 ## - DEWEY DECIMAL CLASSIFICATION NUMBER
Classification number X 891 MOD B12292
100 ## - MAIN ENTRY--PERSONAL NAME
Author मोडक, अशोक
245 ## - TITLE STATEMENT
Title स्वामी विवेकानंद चिरंतन चैतन्याचा स्रोत
260 ## - PUBLICATION, DISTRIBUTION, ETC.
Place of publication, distribution, etc. Pune
Name of publisher, distributor, etc. Bharatiya Vichar Sadhana
Date of publication, distribution, etc. 2021
300 ## - PHYSICAL DESCRIPTION
Extent 148p
Other physical details pb
365 ## - TRADE PRICE
Price type code Rupaye
Price amount 150
Currency code INR
942 ## - ADDED ENTRY ELEMENTS (KOHA)
Koha item type Books
Holdings
Withdrawn status Lost status Source of classification or shelving scheme Damaged status Not for loan Home library Current library Date acquired Vendor Net Price Bill number Total Checkouts Full call number Barcode Date last seen Discount Actual Price Bill Date Koha item type Original Barcode
    Dewey Decimal Classification     Smt. Bakul Tambat Institute of Nursing Education Smt. Bakul Tambat Institute of Nursing Education 16/02/2026 Bhartiya Vichar Sadhana Foundation 105.00 HO/IN/606   X 891 MOD B12292 BTIN-BK-12292 10/03/2026 45 150.00 19/01/2026 Books BTIN-BK-12292